[Event "Lloyds Bank Masters 18th"]
[Site "London"]
[Date "1994.08.25"]
[Round "6"]
[White "Martin, Benjamin"]
[Black "Thipsay, Praveen Mahadeo"]
[Result "1/2-1/2"]
[WhiteElo "2355"]
[BlackElo "2505"]
[PlyCount "108"]
[EventDate "1994.08.20"]
[EventType "swiss"]
[EventRounds "10"]
[EventCountry "ENG"]
[SourceTitle "BritBase"]

1. e4 e5 2. Nf3 Nc6 3. Bb5 a6 4. Ba4 Nf6 5. O-O Be7 6. Re1 b5 7. Bb3 O-O 8. a4
Bb7 9. d3 d6 10. c3 Na5 11. Ba2 c5 12. Nbd2 h6 13. Nf1 Re8 14. Ng3 Bf8 15. Be3
d5 16. exd5 Bxd5 17. Bxd5 Qxd5 18. axb5 axb5 19. Qc2 Nc6 20. h3 Rxa1 21. Rxa1
Rd8 22. Ne1 c4 23. dxc4 bxc4 24. Nf3 Qb5 25. Qa4 Qxb2 26. Re1 e4 27. Nxe4 Nxe4
28. Qxc6 Nd6 29. Bd4 Qb5 30. Ne5 Re8 31. Qxb5 Nxb5 32. Re3 Rc8 33. Nf3 Ba3 34.
Re5 Rb8 35. Rd5 Nxd4 36. Rxd4 Bc5 37. Rxc4 Rb1+ 38. Kh2 Bxf2 39. Rc8+ Kh7 40.
Rc7 f5 41. Rf7 Bc5 42. Rxf5 Bd6+ 43. g3 Rb2+ 44. Kg1 Bxg3 45. Rd5 Bf4 46. Rd3
Kg6 47. Nd4 Kf6 48. Kf1 g5 49. Ne2 Be5 50. Re3 Rc2 51. Kf2 Bf4 52. Rd3 Ke5 53.
Kf3 h5 54. Rd8 Bd2 1/2-1/2

[Event "Lloyds Bank Masters 18th"]
[Site "London"]
[Date "1994.08.25"]
[Round "6"]
[White "McDonald, Neil R"]
[Black "Kalinin, Vladimir"]
[Result "1-0"]
[WhiteElo "2420"]
[BlackElo "2275"]
[PlyCount "79"]
[EventDate "1994.08.20"]
[EventType "swiss"]
[EventRounds "10"]
[EventCountry "ENG"]
[SourceTitle "BritBase"]

1. e4 e6 2. d4 d5 3. Nc3 Bb4 4. Nge2 dxe4 5. a3 Be7 6. Nxe4 Nf6 7. Qd3 Nxe4 8.
Qxe4 c5 9. Bf4 Qa5+ 10. Bd2 Qb6 11. O-O-O O-O 12. Nc3 cxd4 13. Nd5 exd5 14.
Qxe7 Bf5 15. Qg5 Bg6 16. Kb1 Qc5 17. Rc1 Nc6 18. h4 h6 19. Qg3 Kh8 20. h5 Bh7
21. Rh4 Rae8 22. Rg4 Rg8 23. Bd3 Ne5 24. Bxh7 Kxh7 25. Rh4 Qb6 26. Rd1 Nc4 27.
Bc1 Re4 28. b3 Rge8 29. Rg4 Rxg4 30. Qxg4 Nd6 31. Qxd4 Qxd4 32. Rxd4 Ne4 33.
Be3 Re5 34. Kb2 Rxh5 35. Rb4 b6 36. Ra4 Rf5 37. Rxa7 Nxf2 38. Bxb6 Nd1+ 39. Kc1
Nc3 40. a4 {time} 1-0

[Event "Lloyds Bank Masters 18th"]
[Site "London"]
[Date "1994.08.25"]
[Round "6"]
[White "McNab, Colin Anderson"]
[Black "Alterman, Boris"]
[Result "1/2-1/2"]
[WhiteElo "2465"]
[BlackElo "2585"]
[PlyCount "85"]
[EventDate "1994.08.20"]
[EventType "swiss"]
[EventRounds "10"]
[EventCountry "ENG"]
[SourceTitle "BritBase"]

1. Nf3 c5 2. c4 Nf6 3. g3 Nc6 4. Bg2 d5 5. cxd5 Nxd5 6. d4 e6 7. O-O Be7 8. a3
cxd4 9. Nxd4 Nxd4 10. Qxd4 Bf6 11. Qd3 O-O 12. Rd1 Bd7 13. Bxd5 exd5 14. Nc3 d4
15. Nd5 Bc6 16. Nxf6+ Qxf6 17. b4 Qe5 18. Bb2 Rfe8 19. Qxd4 Qxd4 20. Bxd4 Rxe2
21. Kf1 Re6 22. Be3 h6 23. Rac1 a5 24. bxa5 Rxa5 25. Rc3 Rh5 26. h4 Rb5 27. Ke2
Kh7 28. Rd4 Rb2+ 29. Kd1 Ra2 30. Kc1 Re5 31. Rd2 Ra1+ 32. Kb2 Re1 33. Rc4 h5
34. Rcd4 f6 35. Rd1 Rb5+ 36. Kc3 Rb1 37. Rxb1 Rxb1 38. Rb4 Ra1 39. Kb2 Rg1 40.
Rc4 Rd1 41. Rd4 Rh1 42. Rc4 Kg6 43. Rc1 1/2-1/2

[Event "Lloyds Bank Masters 18th"]
[Site "London"]
[Date "1994.08.25"]
[Round "6"]
[White "Mithrakanth, Poorna Sharma"]
[Black "Hastings, Jonathan J"]
[Result "1-0"]
[WhiteElo "2460"]
[BlackElo "2215"]
[PlyCount "63"]
[EventDate "1994.08.20"]
[EventType "swiss"]
[EventRounds "10"]
[EventCountry "ENG"]
[SourceTitle "BritBase"]

1. e4 c6 2. d4 d5 3. Nc3 g6 4. Nf3 Bg7 5. Be2 Bg4 6. exd5 cxd5 7. Ne5 Bxe2 8.
Qxe2 e6 9. Qb5+ Nd7 10. Bf4 f6 11. Nd3 Qb6 12. O-O-O Rd8 13. Qxb6 axb6 14. Nb5
Bh6 15. Rhe1 Kf7 16. Re2 Bg5 17. Rde1 Nf8 18. Kb1 Ne7 19. Bc7 Rd7 20. Bxb6 Nc8
21. Bc5 Ne7 22. a4 h5 23. a5 Nc6 24. b4 Nd8 25. Bb6 Nc6 26. c3 Re7 27. Bc5 Rd7
28. Bxf8 Rxf8 29. Nc5 Re7 30. Nxe6 Rxe6 31. Rxe6 Bd2 32. R1e2 1-0

[Event "Lloyds Bank Masters 18th"]
[Site "London"]
[Date "1994.08.25"]
[Round "6"]
[White "Morozevich, Alexander"]
[Black "Hebden, Mark"]
[Result "1-0"]
[WhiteElo "2575"]
[BlackElo "2520"]
[Annotator "Barden, Leonard"]
[PlyCount "53"]
[EventDate "1994.08.20"]
[EventType "swiss"]
[EventRounds "10"]
[EventCountry "ENG"]
[SourceTitle "BritBase"]

1. e4 e5 2. d4 exd4 3. Qxd4 Nc6 4. Qe3 Nf6 5. Nc3 Bb4 6. Bd2 O-O 7. O-O-O Re8
8. Qg3 d6 $6 ({We are still in theory but this may be the game's crisis.} 8...
Nxe4 9. Nxe4 Rxe4 10. c3 Bf8 11. Bd3 {gives White compensation for a pawn}) ({
so} 8... Rxe4 9. Bd3 (9. Nxe4 $2 Nxe4) 9... Rg4 10. Qh3 d6 {is recommended.
Then White might try} 11. f3 Bxc3 12. Bxc3 Ra4 13. Qg3 Rxa2 14. Kb1 {harassing
the rook.}) ({At the post-mortem the two players analysed} 8... Ne5 $5 9. f3 ({
which they improved by} 9. Re1 d6 ({then Hebden tried} 9... Nh5 10. Qh3 g6 11.
Qe3 c6 12. Qd4 {(else d5)} Qa5 ({finally they tried} 12... Bf8 {when} 13. f4
Ng4 14. Nf3 Bg7 {looks OK for Black.}) 13. f4 Bc5 14. Qa4 $1 {when White is
better despite 7 out of 14 moves with his queen.}) 10. f4 Ned7 11. a3 {when
Black is passive.}) 9... c6 10. a3 Ba5) {As the game goes, White preserves his
key e4 pawn then launches a classic attack on Black's vulnerable g7 and f7.} 9.
f3 Ne5 10. h4 c6 11. h5 d5 12. Nge2 Nc4 13. h6 g6 14. Bg5 Qb6 15. Na4 (15. Bxf6
$2 Bd6 $1) 15... Qa5 16. Bxf6 Qxa4 17. Nc3 Bxc3 18. Bxc3 Ne3 19. b3 Qxa2 {
Threatening mate, but Black has too few pieces in action.} 20. Rd2 Qa3+ 21. Bb2
Qe7 22. Be2 $1 {Another sacrifice to open up bishop diagonals.} dxe4 23. fxe4
Qxe4 24. Qg5 Nd5 25. Rxd5 $1 Qxd5 26. Qf6 Kf8 27. Bc4 {An elegant final attack.
Source: The Guardian, 10 September 1994} 1-0

[Event "Lloyds Bank Masters 18th"]
[Site "London"]
[Date "1994.08.25"]
[Round "6"]
[White "Mortazavi, Ali"]
[Black "Hassabis, Demis"]
[Result "1-0"]
[WhiteElo "2390"]
[BlackElo "2260"]
[PlyCount "65"]
[EventDate "1994.08.20"]
[EventType "swiss"]
[EventRounds "10"]
[EventCountry "ENG"]
[SourceTitle "BritBase"]

1. e4 c5 2. c3 d5 3. exd5 Qxd5 4. d4 Nc6 5. Nf3 Bg4 6. Be2 cxd4 7. cxd4 e6 8.
O-O Nf6 9. Nc3 Qa5 10. h3 Bh5 11. a3 Be7 12. Be3 Nd5 13. b4 Qd8 14. Ne4 Bg6 15.
Bd3 O-O 16. Rc1 Qb6 17. Nfd2 a6 18. Nc4 Qa7 19. Nc5 b6 20. Nb3 Bxd3 21. Qxd3
Rfd8 22. Qe4 Bf6 23. Ne5 Nce7 24. Nd2 Rac8 25. Ndf3 g6 26. Bg5 Bxg5 27. Nxg5 f6
28. Nxe6 fxe5 29. Qxe5 Kf7 30. Rxc8 Rxc8 31. Re1 Qb8 32. Ng5+ Ke8 33. Qxd5 1-0

[Event "Lloyds Bank Masters 18th"]
[Site "London"]
[Date "1994.08.25"]
[Round "6"]
[White "Moskovic, David M"]
[Black "Adrian, Claude"]
[Result "1-0"]
[WhiteElo "2065"]
[BlackElo "2285"]
[PlyCount "85"]
[EventDate "1994.08.20"]
[EventType "swiss"]
[EventRounds "10"]
[EventCountry "ENG"]
[SourceTitle "BritBase"]

1. e4 c5 2. Nf3 Nc6 3. d3 e6 4. g3 d5 5. Nbd2 Nf6 6. Bg2 b6 7. O-O Be7 8. Re1
Bb7 9. e5 Nd7 10. c4 Nf8 11. cxd5 exd5 12. Nf1 Ne6 13. Ne3 Ncd4 14. Nxd4 Nxd4
15. b3 O-O 16. Bb2 Ne6 17. f4 f5 18. Qh5 g6 19. Qf3 Rb8 20. Nxd5 Kh8 21. h4 h5
22. d4 cxd4 23. Rec1 Qd7 24. Nxe7 Bxf3 25. Nxg6+ Kh7 26. Nxf8+ Rxf8 27. Bxf3
Kg6 28. Rc6 Rc8 29. Rd6 Qf7 30. Bd5 Re8 31. Rc1 Kh7 32. Kf2 Qg6 33. Bxd4 Rg8
34. Rc3 Nxd4 35. Rxg6 Rxg6 36. a4 Ne6 37. Bxe6 Rxe6 38. Rc7+ Kg6 39. Rxa7 Rc6
40. Ra6 Rc2+ 41. Kf1 Rc1+ 42. Kg2 Rc2+ 43. Kh3 1-0

[Event "Lloyds Bank Masters 18th"]
[Site "London"]
[Date "1994.08.25"]
[Round "6"]
[White "Norwood, David"]
[Black "Rowson, Jonathan"]
[Result "1-0"]
[WhiteElo "2545"]
[BlackElo "2305"]
[PlyCount "62"]
[EventDate "1994.08.20"]
[EventType "swiss"]
[EventRounds "10"]
[EventCountry "ENG"]
[SourceTitle "BritBase"]

1. g3 g6 2. Bg2 Bg7 3. e4 e5 4. Nc3 d6 5. Nge2 Nc6 6. d3 f5 7. Be3 Nf6 8. h3
Be6 9. exf5 gxf5 10. d4 Bc4 11. Qd2 Qd7 12. O-O-O O-O-O 13. d5 Ne7 14. f4 Kb8
15. Rhe1 b6 16. b3 Ba6 17. Na4 h5 18. c4 h4 19. Qb4 Bb7 20. Nec3 hxg3 21. fxe5
dxe5 22. Nb5 a5 23. Qa3 Nexd5 24. Bxb6 cxb6 25. Nxb6 Nxb6 26. Rxd7 Rxd7 27.
Qxa5 Nc8 28. Bxb7 Rxb7 29. Rxe5 g2 30. Re1 Bh6+ 31. Kc2 Ne4 {Moves missing.
White probably played 33 Nc6 mate.} 1-0

[Event "Lloyds Bank Masters 18th"]
[Site "London"]
[Date "1994.08.25"]
[Round "6"]
[White "Pert, Nicholas"]
[Black "Zilberman, Yaacov"]
[Result "0-1"]
[WhiteElo "2105"]
[BlackElo "2460"]
[PlyCount "64"]
[EventDate "1994.08.20"]
[EventType "swiss"]
[EventRounds "10"]
[EventCountry "ENG"]
[SourceTitle "BritBase"]

1. d4 Nf6 2. Nf3 d5 3. c4 dxc4 4. Nc3 a6 5. a4 Nc6 6. Bg5 Bf5 7. Nh4 Nxd4 8.
Nxf5 Nxf5 9. e4 Nd6 10. Qc2 Nd7 11. f4 h6 12. Bh4 g5 13. fxg5 e6 14. Bg3 Qxg5
15. Be2 Bg7 16. Bxd6 cxd6 17. Bxc4 Rc8 18. Bd3 Qe3+ 19. Qe2 Bxc3+ 20. bxc3
Qxe2+ 21. Kxe2 Rxc3 22. Rhc1 Rxc1 23. Rxc1 Kd8 24. Ke3 Rg8 25. g3 Rg5 26. Rb1
Nc5 27. Bc2 Ke7 28. Rd1 Rg8 29. Kf4 Rc8 30. Rd2 Nd7 31. g4 Ne5 32. h4 Rc3 0-1

[Event "Lloyds Bank Masters 18th"]
[Site "London"]
[Date "1994.08.25"]
[Round "6"]
[White "Pert, Richard G"]
[Black "Holland, Christopher"]
[Result "1/2-1/2"]
[WhiteElo "2050"]
[BlackElo "2265"]
[PlyCount "63"]
[EventDate "1994.08.20"]
[EventType "swiss"]
[EventRounds "10"]
[EventCountry "ENG"]
[SourceTitle "BritBase"]

1. e4 c5 2. Nf3 d6 3. d4 cxd4 4. Nxd4 Nf6 5. Nc3 g6 6. Be3 Bg7 7. Be2 Nc6 8.
O-O O-O 9. h3 d5 10. exd5 Nxd5 11. Nxd5 Qxd5 12. Bf3 Qa5 13. Nxc6 bxc6 14. c3
Ba6 15. Be2 Rfd8 16. Qc2 Bxe2 17. Qxe2 Rab8 18. a3 Rd5 19. Rad1 Rbd8 20. Rd2
Rxd2 21. Bxd2 Qb5 22. Qxb5 cxb5 23. Bg5 f6 24. Be3 a6 25. Ra1 Kf7 26. a4 Rd7
27. axb5 axb5 28. Kf1 e5 29. Ra3 Rb7 30. Ke2 f5 31. f3 Ke6 32. Kd3 1/2-1/2

[Event "Lloyds Bank Masters 18th"]
[Site "London"]
[Date "1994.08.25"]
[Round "6"]
[White "Rossiter, Philip J"]
[Black "Piper, Matthew"]
[Result "1-0"]
[WhiteElo "2380"]
[BlackElo "2255"]
[PlyCount "57"]
[EventDate "1994.08.20"]
[EventType "swiss"]
[EventRounds "10"]
[EventCountry "ENG"]
[SourceTitle "BritBase"]

1. d4 Nf6 2. c4 e6 3. Nc3 Bb4 4. e3 c5 5. Nge2 cxd4 6. exd4 d5 7. c5 Ne4 8. Bd2
Nc6 9. Nxe4 dxe4 10. Bxb4 Nxb4 11. Qa4+ Nc6 12. Rd1 O-O 13. Nc3 e3 14. fxe3 Qg5
15. Kf2 Bd7 16. h4 Qf5+ 17. Kg1 Ne5 18. Bb5 Ng4 19. Rf1 Bxb5 20. Qxb5 Qc2 21.
Rh3 b6 22. c6 Rac8 23. h5 h6 24. Rhf3 a6 25. Qxa6 Rxc6 26. Qb7 Rxc3 27. bxc3 f5
28. Qxb6 Qe4 29. Qb1 1-0

[Event "Lloyds Bank Masters 18th"]
[Site "London"]
[Date "1994.08.25"]
[Round "6"]
[White "Sakhatova, Elvira->Berend"]
[Black "De la Villa Garcia, Jesus Maria"]
[Result "0-1"]
[WhiteElo "2300"]
[BlackElo "2490"]
[PlyCount "80"]
[EventDate "1994.08.20"]
[EventType "swiss"]
[EventRounds "10"]
[EventCountry "ENG"]
[SourceTitle "BritBase"]

1. d4 Nf6 2. Nf3 g6 3. Bf4 Bg7 4. e3 d6 5. h3 O-O 6. Bd3 Nbd7 7. Bh2 Qe8 8. O-O
e5 9. Be2 Qe7 10. c4 b6 11. Nc3 Bb7 12. d5 Ne8 13. e4 f5 14. Nd2 f4 15. b4 Nef6
16. Rc1 h5 17. Nb3 Rf7 18. c5 dxc5 19. bxc5 Nxc5 20. Nxc5 bxc5 21. Bc4 Rd8 22.
d6 cxd6 23. Bxf7+ Qxf7 24. f3 Bc8 25. Qa4 g5 26. Qa5 Qe7 27. Nb5 Rd7 28. Kh1 g4
29. Nxd6 Qxd6 30. Qxc5 Ba6 31. Rfe1 Qxc5 32. Rxc5 Rd2 33. Rxe5 gxf3 34. Bxf4
Rxg2 35. Rg1 Rxa2 36. Re7 Ng4 37. hxg4 f2 38. Be5 Bf8 39. Rd7 fxg1=Q+ 40. Kxg1
Bc5+ 0-1

[Event "Lloyds Bank Masters 18th"]
[Site "London"]
[Date "1994.08.25"]
[Round "6"]
[White "Sheldon, Ruth"]
[Black "Abbasi, Nasser M"]
[Result "0-1"]
[WhiteElo "2120"]
[BlackElo "2280"]
[PlyCount "42"]
[EventDate "1994.08.20"]
[EventType "swiss"]
[EventRounds "10"]
[EventCountry "ENG"]
[SourceTitle "BritBase"]

1. d4 Nf6 2. c4 g6 3. Nc3 Bg7 4. e4 O-O 5. Be2 c5 6. d5 e5 7. Be3 d6 8. g4 Qa5
9. Kf1 a6 10. g5 Ne8 11. Kg2 f5 12. f3 Rf7 13. h4 Bf8 14. h5 f4 15. hxg6 hxg6
16. Bf2 Qd8 17. Nh3 Rh7 18. Qb3 Ra7 19. Na4 b5 20. cxb5 Bxh3+ 21. Rxh3 Qxg5+
0-1

[Event "Lloyds Bank Masters 18th"]
[Site "London"]
[Date "1994.08.25"]
[Round "6"]
[White "Szekely, Peter"]
[Black "Ferguson, Mark"]
[Result "0-1"]
[WhiteElo "2490"]
[BlackElo "2330"]
[PlyCount "79"]
[EventDate "1994.08.20"]
[EventType "swiss"]
[EventRounds "10"]
[EventCountry "ENG"]
[SourceTitle "BritBase"]

1. Nf3 Nf6 2. c4 c6 3. d4 d5 4. cxd5 cxd5 5. Nc3 Nc6 6. Bf4 Bf5 7. e3 e6 8. Qb3
Bb4 9. Bb5 O-O 10. O-O Qa5 11. Bxc6 bxc6 12. Bc7 Qxc7 13. Qxb4 Rab8 14. Qa3 Nd7
15. Na4 Qa5 16. b3 Rb4 17. Rfc1 Rc8 18. Rc3 Bg4 19. Qc1 Qc7 20. Ne1 Bf5 21. Qd2
Qd6 22. Rac1 Rb5 23. Nc5 Nxc5 24. Rxc5 Rxc5 25. Rxc5 f6 26. Qc3 Bg6 27. h3 h6
28. b4 Rb8 29. a3 Rb6 30. Ra5 Rb7 31. Nf3 Bh5 32. Rc5 Rb6 33. Nd2 Bd1 34. Qc1
Ba4 35. Ra5 Bb5 36. Rxa7 Qb8 37. Ra5 e5 38. Qc3 Qe8 39. Ra7 Qb8 40. Ra5 {time}
0-1

[Event "Lloyds Bank Masters 18th"]
[Site "London"]
[Date "1994.08.25"]
[Round "6"]
[White "Thipsay, Bagyashree Sathe"]
[Black "Pritchett, Craig William"]
[Result "1/2-1/2"]
[WhiteElo "2210"]
[BlackElo "2360"]
[PlyCount "132"]
[EventDate "1994.08.20"]
[EventType "swiss"]
[EventRounds "10"]
[EventCountry "ENG"]
[SourceTitle "BritBase"]

1. e4 c5 2. c3 e6 3. d4 d5 4. exd5 exd5 5. Nf3 Nc6 6. Bb5 Bd6 7. O-O Nge7 8.
Nbd2 O-O 9. dxc5 Bxc5 10. Nb3 Bb6 11. Re1 Bg4 12. Be3 Re8 13. Nbd4 a6 14. Ba4
Bc7 15. Qd2 Qd6 16. g3 Ng6 17. Bd1 h5 18. Be2 Rad8 19. b4 Qd7 20. Nxc6 bxc6 21.
Nd4 Ne5 22. Bxa6 Bb6 23. Be2 h4 24. Bf4 hxg3 25. hxg3 Bxe2 26. Qxe2 f6 27. Kg2
g5 28. Bxe5 fxe5 29. Qh5 exd4 30. Qg6+ Kf8 31. Rh1 Qg7 32. Qf5+ Kg8 33. Rh5 Re5
34. Qg4 Rf8 35. cxd4 Ref5 36. Rf1 Qxd4 37. Rxg5+ Rxg5 38. Qxg5+ Qg7 39. Qxg7+
Kxg7 40. f4 Ra8 41. Rc1 Rxa2+ 42. Kh3 Ra3 43. Rc2 Rb3 44. Rxc6 Bf2 45. Kg4
Rxg3+ 46. Kf5 Rb3 47. Rc7+ Kh6 48. Rc6+ Kh5 49. Rc2 Rf3 50. Rd2 d4 51. b5 Kh4
52. Ke4 Kg3 53. Rxf2 Rxf2 54. Kxd4 Kxf4 55. b6 Kf5 56. Kd5 Rd2+ 57. Kc6 Rc2+
58. Kd7 Rd2+ 59. Kc7 Rc2+ 60. Kd7 Rd2+ 61. Kc7 Ke6 62. b7 Rc2+ 63. Kd8 Rb2 64.
Kc7 Rc2+ 65. Kd8 Rb2 66. Kc7 Rc2+ 1/2-1/2

[Event "Lloyds Bank Masters 18th"]
[Site "London"]
[Date "1994.08.25"]
[Round "6"]
[White "Webster, Andrew"]
[Black "Hunt, Adam"]
[Result "1-0"]
[WhiteElo "2405"]
[BlackElo "2205"]
[PlyCount "63"]
[EventDate "1994.08.20"]
[EventType "swiss"]
[EventRounds "10"]
[EventCountry "ENG"]
[SourceTitle "BritBase"]

1. c4 g6 2. g3 Bg7 3. Bg2 d6 4. Nc3 e5 5. e3 Nd7 6. Nge2 Ngf6 7. d4 c6 8. b3
O-O 9. Ba3 Ne8 10. O-O f5 11. dxe5 Nxe5 12. Qd2 Qa5 13. Bb2 Be6 14. h3 Rd8 15.
Rad1 Nf6 16. f4 Ned7 17. Nd4 Bf7 18. Bxc6 bxc6 19. Nxc6 Qc5 20. Nxd8 Rxd8 21.
Na4 Qc6 22. Qxd6 Qxd6 23. Rxd6 Ne4 24. Rd3 Bxb2 25. Nxb2 Be6 26. Rfd1 Kf7 27.
b4 Ke7 28. c5 Rb8 29. c6 Ndf6 30. Ra3 Rxb4 31. Rxa7+ Ke8 32. c7 1-0

[Event "Lloyds Bank Masters 18th"]
[Site "London"]
[Date "1994.08.25"]
[Round "6"]
[White "Williams, Simon Kim"]
[Black "King, Daniel J"]
[Result "1/2-1/2"]
[WhiteElo "2185"]
[BlackElo "2495"]
[PlyCount "51"]
[EventDate "1994.08.20"]
[EventType "swiss"]
[EventRounds "10"]
[EventCountry "ENG"]
[SourceTitle "BritBase"]

1. e4 c5 2. c4 g6 3. Nc3 Bg7 4. g3 Nc6 5. Bg2 e6 6. Nge2 Nge7 7. O-O O-O 8. Rb1
d6 9. a3 b6 10. b4 Bb7 11. d3 Qd7 12. Bf4 Nd4 13. Nxd4 cxd4 14. Ne2 e5 15. Bg5
h6 16. Bd2 f5 17. f3 Rac8 18. a4 Kh7 19. b5 g5 20. Nc1 g4 21. fxg4 fxe4 22.
Rxf8 Bxf8 23. Bxe4+ Bxe4 24. dxe4 Bg7 25. Nd3 Rxc4 26. g5 1/2-1/2

[Event "Lloyds Bank Masters 18th"]
[Site "London"]
[Date "1994.08.25"]
[Round "6"]
[White "Wood, David A"]
[Black "Ward, Christopher R"]
[Result "1/2-1/2"]
[WhiteElo "2295"]
[BlackElo "2490"]
[PlyCount "55"]
[EventDate "1994.08.20"]
[EventType "swiss"]
[EventRounds "10"]
[EventCountry "ENG"]
[SourceTitle "BritBase"]

1. e4 c5 2. Nf3 d6 3. d4 cxd4 4. Nxd4 Nf6 5. Nc3 g6 6. Be3 Bg7 7. f3 Nc6 8. Qd2
O-O 9. Bc4 Bd7 10. O-O-O Qa5 11. h4 Rfc8 12. Bb3 Ne5 13. Kb1 Nc4 14. Bxc4 Rxc4
15. Nb3 Qc7 16. Bd4 Be6 17. h5 a5 18. a4 Rb4 19. hxg6 hxg6 20. Rh4 b5 21. Nxb5
Qc4 22. Nc3 Rab8 23. Rdh1 Qc8 24. e5 Nh5 25. exd6 Bxb3 26. cxb3 Rxb3 27. Bxg7
Rxb2+ 28. Qxb2 1/2-1/2

[Event "Lloyds Bank Masters 18th"]
[Site "London"]
[Date "1994.08.25"]
[Round "6"]
[White "Kwiatkowski, Feliks Jerzy"]
[Black "Thurlow, Kevin J"]
[Result "1/2-1/2"]
[WhiteElo "2260"]
[BlackElo "2080"]
[PlyCount "69"]
[EventDate "1994.08.20"]
[EventType "swiss"]
[EventRounds "10"]
[EventCountry "ENG"]
[SourceTitle "Thurlow, Kevin"]

1. e4 c5 2. Nf3 e6 3. c3 d5 4. exd5 exd5 5. d4 Nf6 6. Bb5+ Nc6 7. O-O Be6 8.
Re1 a6 9. Bxc6+ bxc6 10. Ng5 Qd7 11. Qe2 cxd4 12. cxd4 Bb4 13. Nxe6 Qxe6 14.
Qxe6+ fxe6 15. Bd2 Rb8 16. Rxe6+ Kd7 17. Re2 Rhe8 18. Rxe8 Nxe8 19. b3 Nd6 20.
Be3 Nf5 21. a3 Be7 22. Nd2 Bf6 23. b4 Nxd4 24. Bxd4 Bxd4 25. Rd1 Re8 26. Kf1
Bb6 27. Nb3 Re4 28. Rc1 Kd6 29. Nc5 Bxc5 30. Rxc5 d4 31. Rc4 Kd5 32. Rc5+ Kd6
33. Rc4 Kd5 34. Rc5+ Kd6 35. Rc4 1/2-1/2

[Event "Lloyds Bank Masters 18th"]
[Site "London"]
[Date "1994.08.26"]
[Round "7"]
[White "Arakhamia-Grant, Ketevan"]
[Black "Britton, Richard"]
[Result "1-0"]
[WhiteElo "2450"]
[BlackElo "2295"]
[PlyCount "79"]
[EventDate "1994.08.20"]
[EventType "swiss"]
[EventRounds "10"]
[EventCountry "ENG"]
[SourceTitle "BritBase"]

1. e4 c5 2. Nf3 d6 3. d4 cxd4 4. Nxd4 Nf6 5. Nc3 a6 6. Be3 e5 7. Nb3 Be7 8. f3
Be6 9. Qd2 O-O 10. O-O-O a5 11. Bb5 Nc6 12. Kb1 Qb8 13. g4 Rc8 14. g5 Ne8 15.
Nd5 Bxd5 16. exd5 a4 17. Nc1 Nd4 18. Bxd4 exd4 19. Bxe8 Rxe8 20. a3 Bd8 21. h4
Bb6 22. Nd3 Ra5 23. Nf4 Qc7 24. h5 Re3 25. Rde1 Ra8 26. Rxe3 dxe3 27. Qd3 Qe7
28. g6 Rf8 29. gxf7+ Qxf7 30. Ne6 Qxf3 31. Rg1 Rf7 32. Qc3 Rf6 33. Qc8+ Rf8 34.
Qxb7 Qf6 35. Qxb6 e2 36. Qe3 Qf1+ 37. Ka2 Rf2 38. Ng5 Qxg1 39. Qe8+ Rf8 40.
Qe6+ 1-0

[Event "Lloyds Bank Masters 18th"]
[Site "London"]
[Date "1994.08.26"]
[Round "7"]
[White "Barnes, Michael"]
[Black "Dunworth, Chris"]
[Result "1-0"]
[WhiteElo "2335"]
[BlackElo "2220"]
[PlyCount "81"]
[EventDate "1994.08.20"]
[EventType "swiss"]
[EventRounds "10"]
[EventCountry "ENG"]
[SourceTitle "BritBase"]

1. d4 g6 2. e4 d6 3. Nc3 c6 4. Be3 Bg7 5. Qd2 Nd7 6. f3 b5 7. h4 h5 8. Nh3 Nb6
9. b3 a5 10. a4 b4 11. Ne2 c5 12. Rd1 c4 13. Nef4 Ba6 14. Ng5 e6 15. Qf2 d5 16.
g4 hxg4 17. fxg4 Nh6 18. Be2 cxb3 19. cxb3 Bxe2 20. Qxe2 dxe4 21. Qb5+ Qd7 22.
Qxb6 Nxg4 23. d5 Nxe3 24. Qxe3 Bc3+ 25. Ke2 e5 26. Nfe6 fxe6 27. Qxe4 exd5 28.
Qxg6+ Kd8 29. Nf7+ Kc7 30. Nxh8 Rxh8 31. Rhf1 Re8 32. Rf7 Re7 33. Rxe7 Qxe7 34.
Rf1 Qd6 35. Rf7+ Kc6 36. Rf6 Qxf6 37. Qxf6+ Kc5 38. h5 e4 39. Qe7+ Kd4 40. h6
Bb2 41. Qg7+ 1-0

[Event "Lloyds Bank Masters 18th"]
[Site "London"]
[Date "1994.08.26"]
[Round "7"]
[White "Brown, Simon D"]
[Black "Dutta, Shyamol"]
[Result "1-0"]
[WhiteElo "2295"]
[BlackElo "2140"]
[PlyCount "43"]
[EventDate "1994.08.20"]
[EventType "swiss"]
[EventRounds "10"]
[EventCountry "ENG"]
[SourceTitle "BritBase"]

1. d4 Nf6 2. c4 g6 3. Nc3 Bg7 4. e4 d6 5. f4 O-O 6. Nf3 c5 7. d5 e6 8. Be2 exd5
9. cxd5 Re8 10. O-O Nxe4 11. Nxe4 Rxe4 12. Bd3 Re8 13. f5 Nd7 14. Ng5 Nf6 15.
fxg6 fxg6 16. Qa4 Ng4 17. Nf3 Ne5 18. Bg5 Qd7 19. Bb5 Qf5 20. Bxe8 Nxf3+ 21.
Rxf3 Bd4+ 22. Be3 1-0

[Event "Lloyds Bank Masters 18th"]
[Site "London"]
[Date "1994.08.26"]
[Round "7"]
[White "Cafferty, Bernard"]
[Black "Sheldon, Ruth"]
[Result "1-0"]
[WhiteElo "2310"]
[BlackElo "2120"]
[PlyCount "97"]
[EventDate "1994.08.20"]
[EventType "swiss"]
[EventRounds "10"]
[EventCountry "ENG"]
[SourceTitle "BritBase"]

1. Nf3 Nf6 2. g3 g6 3. b3 Bg7 4. Bb2 O-O 5. Bg2 d6 6. d4 Nfd7 7. O-O c5 8. c4
Nc6 9. Qd2 cxd4 10. Nxd4 Qb6 11. e3 Nf6 12. Nc3 Bd7 13. Rad1 Rac8 14. h3 Nd8
15. e4 Ne6 16. Nc2 Qc5 17. Nd5 Nxd5 18. Bxg7 Nxg7 19. exd5 b5 20. Ne3 Nf5 21.
Nxf5 Bxf5 22. Rc1 b4 23. Rfe1 Rc7 24. Re2 a5 25. Rce1 Qa7 26. Qh6 Re8 27. Be4
Bc8 28. Rd2 f5 29. Bc2 Rf8 30. h4 Rf7 31. Kg2 Rg7 32. Qg5 a4 33. h5 axb3 34.
axb3 Qb7 35. f3 Kf7 36. Rh1 Qa7 37. hxg6+ hxg6 38. Re1 Qb7 39. Rde2 Qa7 40. Qh4
Kg8 41. Rh1 Kf7 42. Qf4 Qc5 43. Rh8 Ra7 44. Qh4 Qc7 45. Rh7 Kg8 46. Rxg7+ Kxg7
47. g4 Kf7 48. Qh7+ Kf8 49. Qxg6 1-0

[Event "Lloyds Bank Masters 18th"]
[Site "London"]
[Date "1994.08.26"]
[Round "7"]
[White "Connell, Blair"]
[Black "Webster, Andrew"]
[Result "0-1"]
[WhiteElo "2245"]
[BlackElo "2405"]
[PlyCount "50"]
[EventDate "1994.08.20"]
[EventType "swiss"]
[EventRounds "10"]
[EventCountry "ENG"]
[SourceTitle "BritBase"]

1. e4 g6 2. d4 Bg7 3. c3 d5 4. exd5 Qxd5 5. Nf3 c5 6. dxc5 Qxc5 7. Be3 Qc7 8.
Be2 Nh6 9. Nd4 Nc6 10. Nxc6 Qxc6 11. Na3 a6 12. Bf3 Qc7 13. Qb3 Nf5 14. Qb6
Bxc3+ 15. bxc3 Qxc3+ 16. Ke2 Qxa3 17. Bc6+ bxc6 18. Qxc6+ Kf8 19. Qxa8 Qb2+ 20.
Kf3 Kg7 21. Rhb1 Nh4+ 22. Kg3 Qe5+ 23. Bf4 Nf5+ 24. Kg4 Nd4+ 25. Qxc8 Qh5+ 0-1